UITU Library & LRC     

Expert Systems and Applied Artificial Intelligence (Record no. 8089)

MARC details
000 -LEADER
fixed length control field 00526nam a2200181Ia 4500
008 - FIXED-LENGTH DATA ELEMENTS--GENERAL INFORMATION
fixed length control field 240925s9999 xx 000 0 und d
020 ## - INTERNATIONAL STANDARD BOOK NUMBER
International Standard Book Number 24216658
082 ## - DEWEY DECIMAL CLASSIFICATION NUMBER
Classification number 006.3 TUR
100 ## - MAIN ENTRY--PERSONAL NAME
Personal name Turban, Efraim
245 #0 - TITLE STATEMENT
Title Expert Systems and Applied Artificial Intelligence
250 ## - EDITION STATEMENT
Edition statement NA
260 ## - PUBLICATION, DISTRIBUTION, ETC.
Place of publication, distribution, etc. New York:
Name of publisher, distributor, etc. Macmillian Publishing Co
Date of publication, distribution, etc. ,1992.
300 ## - PHYSICAL DESCRIPTION
Extent xxii,804p.
Other physical details NA
Type of unit Original
500 ## - GENERAL NOTE
General note Includes Index
600 ## - SUBJECT ADDED ENTRY--PERSONAL NAME
Personal name Engineering Technology
650 ## - SUBJECT ADDED ENTRY--TOPICAL TERM
Topical term or geographic name entry element Computer science, information & general works
942 ## - ADDED ENTRY ELEMENTS (KOHA)
Koha item type Books
Holdings
Withdrawn status Lost status Damaged status Not for loan Collection Home library Current library Date acquired Source of acquisition Cost, normal purchase price Total checkouts Full call number Barcode Date last seen Price effective from Koha item type
        Engineering Technology UITU Library UITU Library 03/29/2004 Fair Book Center karachi 200.00   006.3 TUR Q5590 09/25/2024 09/25/2024 Books

Powered by Koha